000
00280 a2200133 4500
001
65689
020
_a
857520092-5
040
_c
Anchieta - Pituba
240
1
0
_a
Bíblia Infantil
_l
por
245
1
0
_a
Bíblia Infantil
300
_a
124
650
4
_a
Literatura juvenil
942
_c
BK
999
_c
65689
_d
65689